000 00363nam a2200145Ia 4500
008 230719s9999 xx 000 0 und d
041 _aeng
082 _a338.7621
_bWEL
100 _aWelch J.
_9106396
245 _aJack Straight From The Gut
260 _c2001
_bWarner Books
300 _a479
365 _cRs.
_b388.00
700 _aWelch J. & Byrne J.
_9203884
999 _c354490
_d354490